Makroekonomické predpoklady morálneho podnikania

Podnikanie založené na aplikácii morálnych princípov. Financializácia sveta. Morálne limity trhu. Globalizácia financializovaných svetových trhov. Akcent na humanizáciu a zmorálnenie trhu. Ekonómia podporujúca morálne podnikanie.

Uložené v:
Podrobná bibliografia
Hlavný autor: Dubcová, Gabriela, 1968-
Médium: Kapitola
Jazyk:Slovak
Predmet:
Tagy: Pridať tag
Žiadne tagy, Buďte prvý, kto otaguje tento záznam!

MARC

LEADER 00000naa$a2200000$$$4500
001 0063733
005 20240502071735.0
041 0 |a slo 
044 |a SK 
245 1 0 |a Makroekonomické predpoklady morálneho podnikania  |c Gabriela Dubcová 
520 |a Podnikanie založené na aplikácii morálnych princípov. Financializácia sveta. Morálne limity trhu. Globalizácia financializovaných svetových trhov. Akcent na humanizáciu a zmorálnenie trhu. Ekonómia podporujúca morálne podnikanie. 
610 2 0 |a podnikanie 
610 2 0 |a morálka 
610 2 0 |a trh svetový 
610 2 0 |a globalizácia 
100 1 |a Dubcová, Gabriela, 1968-